000 00574nam a2200229Ia 4500
003 OSt
005 20220924143527.0
006 a|||||r|||| 00| 0
007 ta
008 220923b |||||||| |||| 00| 0 urd d
024 _a308744
037 _cTextual
040 _aARTS
_cARTS
_burd
041 _2urd
_aurd
082 _aO152,1J32x, 168J8
100 _aNarayan Guru
_9216126
245 0 _aAdhyatam Ramayan
260 _c1958
650 _aURDU LITERATURE
942 _hO152,1J32x, 168J8
_cTEXL
_2CC
999 _c454833
_d454833